00778 a2200205 4500010001400000020002300014035001300037037001600050082001100066090001700077100002500094245010600119260004400225270005500269300003800324500003100362942002600393999001700419952013600436 aENG-89849 a8120334939c795.00 aEN-73382 bDBAD / PUB14a005.44 c11819d118191 aKaczmarek, Steven D.1 aMicrosoft system centre configuration manager 2007 administrator's companion/cby Steven D. Kaczmarek aNew DelhibPrentice-Hall of Indiac2008 aM-97, Connaught Circus,bNew DelhicDelhie110001 axxxiv, 851p.c25 cm ( Hb)eCD-ROM aIncludes glossary & index. adplcENk005.44 / KAC c11477d11477 00102ddc40718NFICaDBADbDBADeDBAD/PUBg795.00l0o005.44 KACpEN-73382r2008-09-15 00:00:00t1u12589v795.00w2008-09-15yEN